000 00432nam a2200181Ia 4500
001 3910
005 20260306145718.0
008 260306t2017||||xx |||||||||||||| ||spa||
041 _aESP
082 _a305.42
_bF43
100 _aFerrer Pérez, Victoria A.
_eAUT
245 0 _aFeminismo y psicología social
260 _c2017
300 _a278 páginas :
_c22 cm.
650 _aGEN
654 _aCPS
942 _cLIB
_dJUS
_fJUS
_2ddc
_n
999 _c3910
_d3910